00438cam a22001217a 4500008004000000082001500040100007900055245009200134260003200226300001000258500002300268700002500291180718b1949 xxu||||| |||| 00| 0 eng d aC4x54 In2m aIndia. Commission for the drafting of model constitution for Indian States aReport of the commission for the drafting of a model constitution for the Indian states aNew DelhibThe authorc1949 a54+p. aChairman: B.N. Rau aRau, B.N. (Chairman)